LDR 00687naa#a2200169#i#450# 001 EN\\bibl\120716 005 20260416195851.4 011 ## _a2409-1073 100 ## _a20240620b2024####ek#y0engy0150####ca 102 ## _aRU 200 1# _aFormation of students’ pronunciation skills: development of sociolinguistic approach _eJournal article 210 1# _aMoscow _cNational Research University of Electronic Technology _d2024 215 ## _a0 с. 608 ## _aJournal article _2local 675 ## _aВысшее образование. Высшая школа. Подготовка научных кадров. 378 _aАнглийский язык. 811.111 _z 700 #1 _aBogdanov _gAleksei A. 856 4# _aesgi-journal.ru _u